| 000 | 00955nam a22002537a 4500 | ||
|---|---|---|---|
| 999 |
_c16653 _d16653 |
||
| 003 | AR-CdUCM | ||
| 008 | 190504b ||||| |||| 00| 0 spa d | ||
| 040 |
_aMUNICIPALIDAD PROVINCIAL DEL CUSCO _cBIBLIOTECA MUNICIPAL DEL CUSCO |
||
| 041 | _heng | ||
| 082 |
_a343.473 / _bP81 / 1964 |
||
| 100 |
_aPound, Roscoe _935342 |
||
| 245 | _aEvolución de la libertad / | ||
| 260 |
_aMéxico, D.F : _bLibreros Mexicanos Unidos, _bLimusa - Wiley, _c1964. |
||
| 300 |
_a226 páginas ; _c20 cm. |
||
| 440 |
_aEl Mundo de Hoy. _95643 |
||
| 505 | _aContenido: el la Inglaterra medieval -- La era de los Tudor y los Estuardos -- En las colinas de norteamérica -- Desde la revolución hasta la constitución. | ||
| 650 |
_aGarantías constitucionales _936225 |
||
| 650 |
_aLibertad _92892 |
||
| 650 |
_aInglaterra _91396 |
||
| 650 |
_aEstados Unidos _91805 |
||
| 700 |
_aCastaño, Alfonso (traducción) _936226 |
||
| 942 |
_2ddc _cLIBROS |
||
| 945 |
_aachl _d2019-05-04 |
||